S-Letter Subdivisions of Africa - Statistics

General Stats
  • This quiz has been taken 18 times
    4 since last reset
  • The average score is 44 of 82
Answer Stats
Country Subdivision Type Answer % Correct
Egypt Governorate Sohag
100%
Cameroon Region South
100%
Botswana District South-East
100%
Botswana District Southern
100%
Malawi Region Southern
100%
Rwanda Province Southern
100%
Sierra Leone Province Southern
100%
Zambia Province Southern
100%
Somalia State South West
100%
Cameroon Region Southwest
100%
Burkina Faso Region Sahel
67%
Algeria Province Saïda
67%
Cape Verde Municipality Sal
67%
Mali Region San
67%
Cape Verde Municipality Santa Catarina
67%
Cape Verde Municipality São Vicente
67%
Madagascar Region Sava
67%
Togo Region Savanes
67%
Ghana Region Savannah
67%
Mali Region Ségou
67%
Botswana Town Selebi-Phikwe
67%
Sudan State Sennar
67%
Algeria Province Sétif
67%
Tunisia Governorate Sfax
67%
Egypt Governorate Sharqia
67%
Ethiopia Region Sidama
67%
Algeria Province Sidi Bel Abbès
67%
Mali Region Sikasso
67%
Tunisia Governorate Siliana
67%
Algeria Province Skikda
67%
Madagascar Region Sofia
67%
Nigeria State Sokoto
67%
Ethiopia Region Somali
67%
Somalia State Somaliland
67%
Tunisia Governorate Sousse
67%
Sudan State South Darfur
67%
Eritrea Region Southern Red Sea
67%
Democratic Republic of the Congo Province South Kivu
67%
Botswana Township Sowa
67%
Burkina Faso Region Sud-Ouest
67%
Democratic Republic of the Congo Province Sud-Ubangi
67%
Egypt Governorate Suez
67%
Libya District Sabha
33%
Mauritius Island Saint Brandon
33%
United Kingdom Territory Saint Helena, Ascension, and Tristan da Cunha
33%
Senegal Region Saint-Louis
33%
Seychelles District Saint Louis
33%
Chad Province Salamat
33%
Kenya County Samburu
33%
Republic of the Congo Department Sangha
33%
Central African Republic Prefecture Sangha-Mbaéré
33%
Democratic Republic of the Congo Province Sankuru
33%
Cape Verde Municipality Santa Catarina do Fogo
33%
Cape Verde Municipality São Domingos
33%
Cape Verde Municipality São Filipe
33%
Cape Verde Municipality São Lourenço dos Órgãos
33%
Cape Verde Municipality São Miguel
33%
Cape Verde Municipality São Salvador do Mundo
33%
Senegal Region Sédhiou
33%
Uganda District Sembabule
33%
Uganda District Serere
33%
Uganda District Sheema
33%
Tanzania Region Shinyanga
33%
Eswatini Region Shiselweni
33%
Kenya County Siaya
33%
Tunisia Governorate Sidi Bouzid
33%
Chad Province Sila
33%
Tanzania Region Simiyu
33%
Tanzania Region Singida
33%
Liberia County Sinoe
33%
Uganda District Sironko
33%
Libya District Sirte
33%
Mozambique Province Sofala
33%
Tanzania Region Songwe
33%
Uganda District Soroti
33%
Algeria Province Souk Ahras
33%
Morocco Region Souss-Massa
33%
Ethiopia Region South Ethiopia
33%
Sudan State South Kordofan
33%
Ethiopia Region South West Ethiopia
33%
Cape Verde Municipality Santa Cruz
0%
Côte d'Ivoire Autonomous District Sassandra-Marahoué
0%
No matching quizzes found
Score Distribution
Percent of People with Each Score
Percentile by Number Answered
Your Score History
You have not taken this quiz since the last reset